Riadenie dvoch udalostných systémov dvomi riadiacimi systémami

Na minha lista:
Detalhes bibliográficos
Autor principal: Beňo, Michal (Author)
Outros Autores: Körösi, Ladislav (Thesis advisor)
Formato: Manuscrito Livro
Idioma:eslovaco
Publicado em: 2015
Assuntos:
Acesso em linha:http://is.stuba.sk/zp/portal_zp.pl?podrobnosti=88829
Tags: Adicionar Tag
Sem tags, seja o primeiro a adicionar uma tag!

MARC

LEADER 00000ntm a22000003a 4500
001 stuzp49215
003 SK-STU
005 20160719153228.0
007 ta
008 150427s2015----xo-----f-mn---000-0-slo-d
040 |a STU  |b slo 
041 0 |a slo 
100 1 |a Beňo, Michal  |u 031000  |4 aut  |U FEI Fakulta elektrotechniky a informatiky  |T FEI Ústav robotiky a kybernetiky  |X 8945  |U E011  |Y 356  |7 8945 
242 0 1 |a Control of two discrete event systems with two control systems  |y eng 
245 1 0 |a Riadenie dvoch udalostných systémov dvomi riadiacimi systémami 
260 |c 2015 
300 |a 47 s.  |b CD-ROM 
650 4 |a Udalostný systém  |2 slo 
650 4 |a PLC  |2 slo 
650 4 |a rebríkový diagram  |2 slo 
650 4 |a discrete event systems  |2 eng 
650 4 |a PLC  |2 eng 
650 4 |a ladder diagram  |2 eng 
700 1 |a Körösi, Ladislav  |4 ths  |X 4960  |7 A000004960 
856 4 |u http://is.stuba.sk/zp/portal_zp.pl?podrobnosti=88829 
996 |b 284ER01725  |c E*Bc- 1725  |l EE31  |s P  |a 0  |w stuzp49215_0001 
SQL |a stuzp49215  |b DBP  |c SLO  |d Riadenie dvoch udalostných systémov dvomi riadiacimi systémami  |e 8945  |f Beňo, Michal  |g 031000  |h 4960  |i Körösi, Ladislav  |j 20150707  |k 77  |l 03  |m http://is.stuba.sk/zp/portal_zp.pl?podrobnosti=88829  |n B-PI  |o 5.2.14. automatizácia, 9.2.9. aplikovaná informatika